[Event "Werther Schloss op-B 11th"]
[Site "Werther"]
[Date "2005.03.19"]
[Round "3"]
[White "Hanswillemenke, Jens"]
[Black "Glebovsky, Andrey"]
[Result "1/2-1/2"]
[WhiteElo "1784"]
[BlackElo "1642"]
[PlyCount "44"]
[EventDate "2005.03.18"]
[EventType "swiss"]
[EventRounds "5"]
[EventCountry "GER"]
[SourceTitle "EXT 2006"]
[Source "ChessBase"]
[SourceDate "2005.11.24"]
[SourceVersion "1"]
[SourceVersionDate "2005.11.24"]
[SourceQuality "1"]

1. e4 c6 2. d4 d5 3. e5 Bf5 4. h4 h6 5. g4 Bd7 6. h5 e6 7. f4 c5 8. c3 Nc6 9. Nf3 Qb6 10. Kf2 f6 11. Kg3 0-0-0 12. a4 cxd4 13. cxd4 Bb4 14. Na3 Kb8 15. Bd2 Nge7 16. Nb5 Bxd2 17. Qxd2 Na5 18. Ra3 Bxb5 19. Bxb5 a6 20. b4 Nac6 21. Bxc6 Nxc6 22. Rb1 Na5 1/2-1/2

[Event "Werther Schloss op-B 10th"]
[Site "Werther"]
[Date "2004.04.04"]
[Round "4"]
[White "Hanswillemenke, Jens"]
[Black "Tumulla, Peter"]
[Result "0-1"]
[WhiteElo "1732"]
[BlackElo "1891"]
[PlyCount "70"]
[EventDate "2004.04.02"]
[EventType "swiss"]
[EventRounds "5"]
[EventCountry "GER"]
[SourceTitle "EXT 2006"]
[Source "ChessBase"]
[SourceDate "2005.11.24"]
[SourceVersion "1"]
[SourceVersionDate "2005.11.24"]
[SourceQuality "1"]

1. e4 e6 2. d3 d5 3. Nd2 c5 4. Ngf3 Nc6 5. g3 g6 6. Bg2 Bg7 7. 0-0 Nge7 8. Re1 b6 9. Qe2 0-0 10. Nf1 a5 11. e5 Qc7 12. Bf4 h6 13. h4 Ba6 14. Qd2 Kh7 15. N1h2 Nf5 16. Ng4 Qd8 17. Bh3 Rc8 18. Nf6+ Bxf6 19. Bxf5 gxf5 20. Bxh6 Bg7 21. Bg5 Qc7 22. Bf6 Bxf6 23. exf6 Rg8 24. Ng5+ Kg6 25. Nxe6 fxe6 26. Rxe6 Nd4 27. f7+ Kxf7 28. Qh6 Nxe6 29. Re1 Rxg3+ 30. Kf1 Rg6 31. Qh7+ Ng7 32. h5 Rg5 33. h6 Qh2 34. Ke2 Re8+ 35. Kd2 Qxf2+ 0-1

[Event "Werther Schloss op-B 10th"]
[Site "Werther"]
[Date "2004.04.02"]
[Round "1"]
[White "Hermann, Juergen"]
[Black "Hanswillemenke, Jens"]
[Result "0-1"]
[WhiteElo "1508"]
[BlackElo "1732"]
[PlyCount "100"]
[EventDate "2004.04.02"]
[EventType "swiss"]
[EventRounds "5"]
[EventCountry "GER"]
[SourceTitle "EXT 2006"]
[Source "ChessBase"]
[SourceDate "2005.11.24"]
[SourceVersion "1"]
[SourceVersionDate "2005.11.24"]
[SourceQuality "1"]

1. d4 d5 2. c4 Nc6 3. Nf3 Bg4 4. e3 e5 5. Qa4 Bxf3 6. gxf3 exd4 7. exd4 dxc4 8. Be3 Bb4+ 9. Nc3 Qd5 10. Ke2 Bxc3 11. bxc3 Nge7 12. Rb1 Qf5 13. Qd1 Nd5 14. Rc1 0-0 15. Rg1 Nf4+ 16. Ke1 b5 17. Rg4 Rfe8 18. Kd2 Nd3 19. Rg5 Qf6 20. Bxd3 Rxe3 21. fxe3 Qxg5 22. Be4 Qh6 23. Qe2 Rd8 24. Bxc6 Qxc6 25. Rg1 Qa6 26. Ke1 Qa3 27. Qd2 c5 28. Rg2 cxd4 29. exd4 Re8+ 30. Re2 Rxe2+ 31. Kxe2 Qe7+ 32. Qe3 Kf8 33. Qxe7+ Kxe7 34. Ke3 Kd6 35. Ke4 g6 36. a3 a5 37. f4 f5+ 38. Ke3 Kd5 39. h3 h6 40. h4 h5 41. Kf3 b4 42. cxb4 axb4 43. axb4 Kxd4 44. Ke2 c3 45. Kd1 Kc4 46. b5 Kxb5 47. Kc2 Kc4 48. Kb1 Kd3 49. Ka2 c2 50. Kb2 Kd2 0-1

[Event "Werther Schloss op-B 9th"]
[Site "Werther"]
[Date "2003.04.11"]
[Round "1"]
[White "Altenbernd, Dirk"]
[Black "Hanswillemenke, Jens"]
[Result "1-0"]
[WhiteElo "1859"]
[BlackElo "1703"]
[PlyCount "75"]
[EventDate "2003.04.11"]
[EventType "swiss"]
[EventRounds "5"]
[EventCountry "GER"]
[SourceTitle "EXT 2006"]
[Source "ChessBase"]
[SourceDate "2005.11.24"]
[SourceVersion "1"]
[SourceVersionDate "2005.11.24"]
[SourceQuality "1"]

1. c4 Nf6 2. Nc3 g6 3. e4 d6 4. g3 Bg7 5. Bg2 0-0 6. Nf3 c5 7. 0-0 Nc6 8. d3 a6 9. Rb1 Qc7 10. a3 e6 11. b4 Nd7 12. Be3 Nd4 13. Qd2 Rb8 14. Bh6 b6 15. Bxg7 Kxg7 16. Nxd4 cxd4 17. Ne2 e5 18. f4 Nf6 19. h3 Bd7 20. Rf2 b5 21. fxe5 dxe5 22. Rbf1 Ng8 23. c5 a5 24. g4 axb4 25. axb4 Ra8 26. Ng3 Be6 27. Qg5 Kh8 28. Nf5 Qd8 29. Qxd8 Raxd8 30. Nd6 Kg7 31. Nxb5 Rb8 32. Nc7 Rfc8 33. Nxe6+ fxe6 34. Rf7+ Kh8 35. Ra7 Nh6 36. g5 Nf5 37. exf5 gxf5 38. Rb7 1-0